000
00221nam a2200097Ia 4500
001
985504
005
20250826221044.0
008
250824s9999 xx 000 0 und d
245
0
_a
TALEBE
_c
TARA WESTOVER
260
_b
DOMİNGO
999
_c
985504
_d
985504